=LDR 00000nam 2200000 4500 =001 INLIS000000000028343 =005 20130612130645 =008 ***********************************Ind** =035 ##$$0010-061300000028343 =041 ##$$a Ind =082 ##$$a 339 =090 ##$$a 339, Rek e =100 ##$$a Reksoprayitno, Sudiyono =245 ##$$a Ekonomi makro, analisa IS-LM, dan permintaan-penawaran agregatif, Sudiyono Reksoprayitno =260 ##$$a 1992 $b Yogyakarta =300 ##$$a viii, 244 hlm, 22 cm =650 ##$$a Ekonomi Makro =850 ##$$a NBPNMAT =990 ##$$a 0001/BPAP-NTB/20142015